| 000 | 00732nam a2200217Ia 4500 | ||
|---|---|---|---|
| 999 |
_c41114 _d41114 |
||
| 001 | 7764 | ||
| 003 | GE_BSU | ||
| 005 | 20221116112158.0 | ||
| 008 | 181216s2000en xx |||||||||||||| ||eng|| | ||
| 020 | _a0130263737 x | ||
| 040 | _cGE_BSU | ||
| 041 | _aeng | ||
| 080 | _a621.384/11 B-45 | ||
| 100 |
_aBertoni,Henry L. _914737 |
||
| 245 |
_aRadio Propagation for Modern Wireless System / _cHenry L. Bertoni |
||
| 264 |
_aLondon: _bPrentice Hall PTR, _c2000. |
||
| 300 |
_a258 p. ; _bIll. _c25 cm. |
||
| 653 | _aRadio Propagation for Modern Wireless System | ||
| 653 | _aრადიო გავრცელება თანამედროვე უსადენო სისტემისთვის | ||
| 942 |
_cBK _2udc |
||